000 00800nam a2200253Ia 4500
003 OSt
005 20220923220157.0
006 a|||||r|||| 00| 0
007 ta
008 220922b |||||||| |||| 00| 0 hin d
024 _a184,779
037 _cTextual
040 _aARTS
_cARTS
_bhin
041 _2hin
_ahin
082 _aO152,1NK1xx, M2
100 _aश्याम नन्दन किशोर
245 0 _aइड़ा गायत्री
246 _aIड़ā gāyatrī
260 _aमुजफरपुर
_b अरूणिमा
_c1982
300 _a145 पृ.
_ccm.
650 _aहिन्दी साहित्य
_9156264
942 _hO152,1NK1xx, M2
_cTEXL
_2CC
999 _c338063
_d338063